Normal view MARC view

Entry Topical Term

Number of records used in: 2

001 - CONTROL NUMBER

  • control field: 710847

003 - CONTROL NUMBER IDENTIFIER

  • control field: OSt

005 - DATE AND TIME OF LATEST TRANSACTION

  • control field: 20221007121146.0

008 - FIXED-LENGTH DATA ELEMENTS

  • fixed length control field: 221007|| aca||aabn | a|a d

040 ## - CATALOGING SOURCE

  • Original cataloging agency: OSt
  • Transcribing agency: OSt

150 ## - HEADING--TOPICAL TERM

  • Topical term or geographic name entry element: Plant defense

670 ## - SOURCE DATA FOUND

  • Source citation: Work cat.: (OSt)1208504: Walters Dale, R 444695, Plant defense: Warding off attack by pathogens, herbivores, and parasitic plants, 2011
Copyright @ Delhi University Library System